[Event "AUTO-OPEN-2146"]
[Site "http://www.queenalice.com/game.php?id=851543"]
[Date "2010.10.28"]
[Round "1"]
[White "xadrezsouza"]
[Black "Villamizar"]
[Result "1-0"]
[WhiteElo "1610"]
[BlackElo "1807"]

1. d4 d5 2. c4 c6 3. Nc3 e6 4. e3 Nf6 5. Nf3 Bb4 6. Bd2 O-O 7. Bd3 Nbd7 8. O-O
dxc4 9. Bxc4 b5 10. Bd3 Bb7 11. e4 Bxc3 12. bxc3 a6 13. e5 Nd5 14. Bxh7+ Kh8 15.
Be4 f6 16. exf6 gxf6 17. Ng5 Qe8 18. Nxe6 Rg8 19. Qf3 Rg7 20. Qh3+ Kg8 21. Nxg7
Qf7 22. Qh7+ Kf8 23. Bg6 Qg8 24. Ne6+ Qxe6 25. Bh6# 1-0

[Event "AUTO-OPEN-2146"]
[Site "http://www.queenalice.com/game.php?id=851568"]
[Date "2010.10.28"]
[Round "1"]
[White "GACPOLI"]
[Black "xadrezsouza"]
[Result "1-0"]
[WhiteElo "1866"]
[BlackElo "1644"]

1. d4 e6 2. c4 Nf6 3. Nc3 d5 4. cxd5 Nxd5 5. e4 Nf6 6. Bg5 Be7 7. Bc4 c6 8. Nge2
b5 9. Bd3 Bb7 10. a3 a6 11. b4 a5 12. e5 Nd5 13. Bxe7 Qxe7 14. bxa5 Rxa5 15. Ne4
O-O 16. Nd6 f6 17. Qc2 g6 18. O-O fxe5 19. dxe5 Ra4 20. Nc3 Nxc3 21. Qxc3 Ba8
22. Bc2 Raf4 23. Rad1 Nd7 24. f3 Qg5 25. Bb3 Qxe5 26. Qxe5 Nxe5 27. Rfe1 Nc4 28.
Bxc4 bxc4 29. Rxe6 c5 30. Re5 Rd4 31. Rxd4 cxd4 32. Nxc4 Rc8 33. Nb6 Rc1+ 34.
Kf2 d3 35. Re8+ Kf7 36. Rd8 Bc6 37. Rxd3 Rb1 38. Nc4 Bb5 39. Nd6+ Ke6 40. Nxb5
Rxb5 41. f4 h5 42. Kf3 Rb2 43. h3 h4 44. a4 Ra2 45. Rd4 Kf5 46. Rd5+ Ke6 47.
Re5+ Kf6 48. a5 Rb2 49. Re2 Rb3+ 50. Kg4 Ra3 51. Re5 Rg3+ 52. Kxh4 Rxg2 53. Re8
Ra2 54. Ra8 Kf5 55. Rf8+ Ke4 56. Kg5 Rxa5+ 57. Kxg6 Ra3 58. h4 Rg3+ 59. Kh6 Rg4
60. h5 Rh4 61. Kg6 Rg4+ 62. Kh7 Kd5 63. f5 Kd6 64. f6 Rg5 65. h6 Ke6 66. Rg8 Ra5
67. Kg6 Ra1 68. Re8+ Kd7 69. Re7+ Kd6 70. h7 Rg1+ 71. Kf7 Rh1 72. Kg8 1-0

[Event "AUTO-OPEN-2146"]
[Site "http://www.queenalice.com/game.php?id=851569"]
[Date "2010.10.28"]
[Round "1"]
[White "xadrezsouza"]
[Black "GACPOLI"]
[Result "0-1"]
[WhiteElo "1784"]
[BlackElo "1813"]

1. d4 d5 2. c4 e6 3. Nc3 c6 4. e3 Nf6 5. Nf3 Bd6 6. Bd3 O-O 7. O-O Nbd7 8. e4
dxe4 9. Nxe4 Nxe4 10. Bxe4 h6 11. b3 e5 12. Bb2 f5 13. Bc2 e4 14. Ne5 Qc7 15. f4
c5 16. Nxd7 Bxd7 17. Qd2 cxd4 18. Bxd4 Rad8 19. Qe3 b6 20. Rad1 Be6 21. Kh1 Rfe8
22. g4 Bc8 23. gxf5 Bxf5 24. Rde1 Re7 25. Re2 Bg4 26. Ref2 Bc5 27. Rd2 Bf3+ 28.
Kg1 Rxd4 29. Rxd4 Qd7 30. Rxf3 Bxd4 31. Kf1 Bxe3 32. Rxe3 Qd2 33. Re2 Qxf4+ 34.
Rf2 Qc1+ 35. Kg2 e3 36. Re2 Qxc2 37. Rxc2 e2 38. Rxe2 Rxe2+ 39. Kf3 Rxh2 40. b4
Rxa2 41. Ke4 Ra4 0-1

[Event "AUTO-OPEN-2146"]
[Site "http://www.queenalice.com/game.php?id=851586"]
[Date "2010.10.28"]
[Round "1"]
[White "xadrezsouza"]
[Black "aknightout"]
[Result "0-1"]
[WhiteElo "1420"]
[BlackElo "2084"]

1. d4 d6 2. e4 Nf6 3. Bd3 e5 4. dxe5 dxe5 5. Nf3 Nc6 6. O-O Bc5 7. Nc3 O-O 8.
Bg5 h6 9. Bxf6 Qxf6 10. h3 Rd8 11. Nd5 Qd6 0-1

[Event "Challenge"]
[Site "http://www.queenalice.com/game.php?id=851597"]
[Date "2010.10.28"]
[Round "-"]
[White "Aracy"]
[Black "xadrezsouza"]
[Result "1/2-1/2"]
[WhiteElo "1593"]
[BlackElo "1660"]

1. e4 c5 2. Bc4 Nc6 3. Qf3 Nf6 4. d3 e6 5. Bg5 Be7 6. Nc3 Ne5 7. Qe3 Nfg4 8. Qf4
Bxg5 9. Qg3 Bh4 10. Qf4 Nxf2 11. g3 Nxh1 12. Qxe5 Bf6 13. Qxc5 Bxc3+ 14. bxc3
Qf6 15. Ne2 Qf3 16. Qg1 d5 17. Bb5+ Bd7 18. Nd4 Qg4 19. Bxd7+ Kxd7 20. exd5 e5
21. Nb3 Nxg3 22. hxg3 e4 23. Nc5+ Kd8 24. Nxb7+ Kd7 25. Nc5+ Kd8 26. Nb7+ Kd7
27. Nc5+ Kd8 28. Nb7+ 1/2-1/2

[Event "AUTO-OPEN-2147"]
[Site "http://www.queenalice.com/game.php?id=851825"]
[Date "2010.10.28"]
[Round "1"]
[White "HILITO"]
[Black "xadrezsouza"]
[Result "1-0"]
[WhiteElo "2121"]
[BlackElo "1464"]

1. e4 e5 2. Nf3 Nc6 3. Bb5 a6 4. Ba4 Nf6 5. O-O b5 6. Bb3 Be7 7. Re1 O-O 8. c3
d6 9. d4 Bg4 10. d5 Na5 11. Bc2 Nd7 12. Be3 f5 13. exf5 Bxf5 14. Nbd2 Nb6 15.
Bxb6 cxb6 16. Ne4 Bg4 17. Ned2 1-0

[Event "AUTO-OPEN-2147"]
[Site "http://www.queenalice.com/game.php?id=851826"]
[Date "2010.10.28"]
[Round "1"]
[White "xadrezsouza"]
[Black "HILITO"]
[Result "0-1"]
[WhiteElo "1420"]
[BlackElo "2122"]

1. d4 c6 2. e4 d5 3. exd5 cxd5 4. c4 Nf6 5. Nc3 e6 6. Nf3 Bb4 7. Bd3 O-O 8. O-O
b6 9. cxd5 Nxd5 10. Nxd5 Qxd5 11. Ng5 Bb7 12. Bxh7+ Kh8 13. Be4 Qxe4 14. Nxe4
Bxe4 15. Bd2 Bd6 16. Re1 Bd5 17. Qh5+ Kg8 18. Re3 Nd7 0-1

[Event "AUTO-OPEN-2147"]
[Site "http://www.queenalice.com/game.php?id=851848"]
[Date "2010.10.28"]
[Round "1"]
[White "xadrezsouza"]
[Black "gmvilela"]
[Result "0-1"]
[WhiteElo "1464"]
[BlackElo "2167"]

1. d4 d5 2. c4 c6 3. Nc3 Nf6 4. Nf3 a6 5. a4 Bf5 6. Qb3 Qc8 7. cxd5 cxd5 8. Nxd5
Nxd5 9. Qxd5 e6 10. Qb3 Nc6 11. Bd2 a5 12. Rc1 Qd7 13. e3 Bd6 14. Bb5 O-O 15.
O-O Be4 16. Ng5 Bd5 17. Qd3 f5 18. e4 fxe4 19. Nxe4 Bxe4 0-1

[Event "AUTO-OPEN-2147"]
[Site "http://www.queenalice.com/game.php?id=851861"]
[Date "2010.10.28"]
[Round "1"]
[White "xadrezsouza"]
[Black "castropereira"]
[Result "1-0"]
[WhiteElo "1608"]
[BlackElo "1214"]

1. e4 Nf6 2. e5 Nd5 3. c4 Nf4 4. d4 g5 5. g3 Ne6 6. d5 Ng7 7. Bxg5 h6 8. Bf4 Nh5
9. Qxh5 Bg7 10. Nc3 c5 11. Bh3 a5 12. e6 Ra6 13. Qxf7# 1-0

[Event "AUTO-OPEN-2147"]
[Site "http://www.queenalice.com/game.php?id=851862"]
[Date "2010.10.28"]
[Round "1"]
[White "castropereira"]
[Black "xadrezsouza"]
[Result "0-1"]
[WhiteElo "1214"]
[BlackElo "1609"]

1. e4 c6 2. e5 d5 3. h3 Bf5 4. g4 Bg6 5. h4 h6 6. h5 Bh7 7. c3 e6 8. a4 c5 9.
Be2 Nc6 10. b4 cxb4 11. cxb4 Nxb4 12. Ba3 Nc2+ 13. Qxc2 Bxc2 14. Nc3 Bxa3 15.
Rxa3 Ne7 16. Kf1 Nc6 17. f4 d4 18. Nb5 O-O 19. Ra2 Qd5 20. Rxc2 Qxh1 21. Kf2 f6
22. Rc1 Qh2+ 23. Ke1 Qxg1+ 24. Bf1 fxe5 25. fxe5 Qxf1# 0-1

[Event "AUTO-INT-1857"]
[Site "http://www.queenalice.com/game.php?id=852363"]
[Date "2010.10.30"]
[Round "1"]
[White "tony143"]
[Black "xadrezsouza"]
[Result "1-0"]
[WhiteElo "1453"]
[BlackElo "1440"]

1. e4 c5 2. Bc4 Nc6 3. Nh3 Nf6 4. Bb5 Nxe4 5. Bxc6 dxc6 6. Qe2 Bf5 7. d3 Nf6 8.
O-O Bxh3 9. gxh3 Qd7 10. Bg5 Qxh3 11. Bxf6 gxf6 12. f3 Rg8+ 13. Kh1 O-O-O 14.
Nd2 Bh6 15. Nc4 Bf4 16. a4 1-0

[Event "AUTO-INT-1857"]
[Site "http://www.queenalice.com/game.php?id=852364"]
[Date "2010.10.30"]
[Round "1"]
[White "xadrezsouza"]
[Black "tony143"]
[Result "0-1"]
[WhiteElo "1464"]
[BlackElo "1436"]

1. d4 b5 2. e4 c6 3. a3 Ba6 4. b4 d5 5. Nd2 dxe4 6. Nxe4 e5 7. Nf3 exd4 8. Qxd4
Qxd4 9. Nxd4 Nf6 10. Nxf6+ gxf6 11. Bb2 h5 12. Bd3 Nd7 13. O-O O-O-O 0-1

[Event "AUTO-INT-1858"]
[Site "http://www.queenalice.com/game.php?id=852782"]
[Date "2010.10.31"]
[Round "1"]
[White "xadrezsouza"]
[Black "h2go"]
[Result "0-1"]
[WhiteElo "1614"]
[BlackElo "1559"]

1. c4 e5 2. Nc3 Nf6 3. g3 d5 4. cxd5 Nxd5 5. Bg2 Nxc3 6. bxc3 Bd6 7. e3 O-O 8.
Ne2 c6 9. d4 exd4 10. exd4 Nd7 11. O-O Nf6 12. Bf4 Bg4 13. Bg5 Re8 14. Re1 h6
15. Bxf6 Qxf6 16. h3 Bxe2 17. Rxe2 Re7 18. Rxe7 Bxe7 19. Qb3 Rb8 20. Re1 Bd6 21.
d5 cxd5 22. Qxd5 Qxc3 23. Rb1 Bc5 24. Rxb7 Qe1+ 25. Kh2 Rxb7 26. Qxb7 Qxf2 27.
h4 Qxa2 28. Qa8+ Bf8 29. h5 a5 0-1

[Event "AUTO-INT-1858"]
[Site "http://www.queenalice.com/game.php?id=852783"]
[Date "2010.10.31"]
[Round "1"]
[White "h2go"]
[Black "xadrezsouza"]
[Result "1-0"]
[WhiteElo "1458"]
[BlackElo "1676"]

1. e4 c5 2. Nf3 Nc6 3. d4 cxd4 4. Nxd4 Nf6 5. Nc3 d6 6. Bb5 Bd7 7. Bg5 Qb6 8.
Bxf6 gxf6 9. Bxc6 bxc6 10. Nb3 c5 11. Nd5 Qb7 12. Na5 Qc8 13. O-O Rb8 14. b3 Qd8
15. Qd2 h5 16. a4 Bh6 17. Qc3 Rg8 18. Kh1 h4 19. Nc4 Bc6 20. Rad1 e6 21. Nxf6+
Kf8 22. Nh7+ Ke8 23. Nxd6+ 1-0

[Event "AUTO-INT-1858"]
[Site "http://www.queenalice.com/game.php?id=852784"]
[Date "2010.10.31"]
[Round "1"]
[White "xadrezsouza"]
[Black "Villamizar"]
[Result "0-1"]
[WhiteElo "1399"]
[BlackElo "1714"]

1. c4 e6 2. Nc3 d5 3. d4 c6 4. e3 Nf6 5. Nf3 Bd6 6. Qb3 O-O 7. Bd3 Nbd7 8. O-O
b6 9. Re1 Bb7 10. e4 dxe4 11. Nxe4 Bc7 12. Bg5 h6 13. Nxf6+ Nxf6 14. Bh4 Rb8 15.
Rad1 c5 16. dxc5 Qe7 0-1